| 000 | 00390cam a22001217a 4500 | ||
|---|---|---|---|
| 008 | 180718b1957 xxu||||| |||| 00| 0 eng d | ||
| 082 | _aR03x54 B469 | ||
| 100 | _aBhasin, T.R. | ||
| 245 |
_aEvolutionary perspectice of labour legislation, and policy in India, 1850 to 1956 _cby T.R. Bhasin |
||
| 260 |
_aNew Delhi _bEscont Law _c1957 |
||
| 300 | _a79p. | ||
| 650 | _aLabour - India - Legislation | ||
| 999 |
_c359531 _d359531 |
||